000 00453nam a22001817a 4500
003 MPLRDC
005 20220104114140.0
008 210129b ||||| |||| 00| 0 eng d
082 _a882.2 ZWE
100 _aSTEFAN ZWEIG
245 _a一位陌生女子的来信
_c沉樱译
250 _a十四版
260 _a台湾
_b大地出版社
_c1992
300 _b
490 _a万卷文库. 86
650 _a奥地利文学
942 _cBK
_o882.2 ZWE
999 _c5208
_d5198